The Commonwealth forestry handbook, 1989

Bibliographic Details
Corporate Author: The COMMONWEALTH Forestry Association
Format: Book
Published: Oxford : The Commonwealth Forestry Association , 1989
Edition:11th ed.
Subjects:

MARC

LEADER 00000cam a2200000 7i4500
001 0000001855
005 20020227.0
020 0 0 |a 0951505904 
090 0 0 |a 634.9   |b COM 1989 
110 1 0 |a The COMMONWEALTH Forestry Association 
245 1 4 |a The Commonwealth forestry handbook, 1989 
250 0 0 |a 11th ed. 
260 0 0 |a Oxford :   |b The Commonwealth Forestry Association ,   |c 1989 
300 |a xix, 196 p. ;   |c 21 cm. 
650 0 0 |a Forests and forestry   |x Handbooks, manuals, etc. 
998 |a JPSM 
999 |a 0000002884   |b Monograph   |c Open Shelf   |e Default branch